|
|
|
|
| LEADER |
00000nam0a2200000 4500 |
| 001 |
298518 |
| 005 |
20231102001119.0 |
| 020 |
|
|
|a RU
|b 84-63223
|
| 035 |
|
|
|a (RuTPU)RU\TPU\book\323661
|
| 090 |
|
|
|a 298518
|
| 100 |
|
|
|a 20150618d1984 km y0rusy5003 ca
|
| 101 |
0 |
|
|a rus
|
| 102 |
|
|
|a RU
|
| 105 |
|
|
|a y z 100zy
|
| 200 |
1 |
|
|a Нормирование и экономия материальных ресурсов в строительстве
|e материалы семинара
|
| 210 |
|
|
|a Москва
|c Изд-во МДНТП
|d 1984
|
| 215 |
|
|
|a 137 с.
|
| 606 |
1 |
|
|a Строительные организации
|x Режим экономии
|2 stltpush
|3 (RuTPU)RU\TPU\subj\57666
|9 75524
|
| 610 |
1 |
|
|a материальные ресурсы
|
| 610 |
1 |
|
|a нормирование
|
| 610 |
1 |
|
|a рациональное использование
|
| 610 |
1 |
|
|a капитальное строительство
|
| 610 |
1 |
|
|a нормы
|
| 610 |
1 |
|
|a методы
|
| 610 |
1 |
|
|a расчеты
|
| 610 |
1 |
|
|a семинары
|
| 675 |
|
|
|a 69.004.18(063)
|z rus
|v 3
|
| 712 |
0 |
2 |
|a Общество "Знание" РСФСР
|c (Москва)
|2 stltpush
|3 (RuTPU)RU\TPU\col\7484
|
| 712 |
0 |
2 |
|a Московский Дом научно-технической пропаганды
|2 stltpush
|3 (RuTPU)RU\TPU\col\7885
|9 24405
|
| 801 |
|
0 |
|a RU
|b RuMRKP
|c 19950704
|g psbo
|
| 801 |
|
1 |
|a RU
|b 63413507
|c 20150618
|
| 801 |
|
2 |
|a RU
|b 63413507
|c 20180609
|g RCR
|
| 942 |
|
|
|c BK
|